Statistiken für Deutsche Lieder nach Buchstabe - N

Klicken Sie hier um das Quiz zu spielen!

Allgemein

  • Dieses Quiz wurde 112 mal gespielt
  • Das Durchschnittsergebnis liegt bei 4 aus 18

Antwortstatistiken

TitelInterpret% Korrekt
Nur noch kurz die Welt rettenTim Bendzko
72%
Nur geträumtNena
61%
NeymarCapital Bra feat. Ufo361
51%
Nur ein WortWir sind Helden
51%
Nessaja (Ich wollte nie erwachsen sein)Peter Maffay
47%
Nein, Mann!Laserkraft 3D
25%
Nicht verdientMichelle & Matthias Reim
22%
Na Und?!Ben Zucker
16%
Nein, meine Söhne geb’ ich nichtReinhard Mey
14%
Nichts ist für die EwigkeitBöhse Onkelz
12%
Neue Männer braucht das LandIna Deter Band
12%
Neuer alter SavasDCVDNS
11%
Nach dir (Anna)Fabian Römer
8%
Nichts mehr fühlenYung Hurn
3%
Nummer einsStereoact feat. Chris Cronauer
2%
Nächte ohne SchlafAmin & Snipe
1%
Nicht echtEddin
1%
Nie zu EndeJonas Monar
1%

Verteilung der Resultate

Perzentil nach korrekt beantworteten Fragen

Anzahl Personen mit jedem Resultat

Ihre Resultats-Entwicklung

Sie haben dieses Quiz noch nicht gespielt